000 00755cam a2200205 4500
001 WB3721-23
008 000000n2001 000 0 eng u
035 _a(Sirsi) u112865
245 _aTraining site workers
260 _c2001
490 _aBuilding
_v266(8186) 25 May 2001, 16(1)
520 _aA new scheme is being piloted by 5 leading UK universities which would see them paying contractors to train their construction workers. The Construction Industry Training Board supports the programme and is sharing the training costs.
590 _aWB
650 _aUNIVERSITIES
650 _aCONSTRUCTION INDUSTRY TRAINING BOARD
650 _aCONTRACTORS
650 _aTRAINING SCHEMES
690 _aTRAINING AND CAREER DEVELOPMENT
942 _n0
999 _c67184
_d67184